La insensatez del agricultor. erosión; un planteo ecológico /

Guardado en:
Autor Principal: Faulkner, Edward H
Formato: Libro
Publicado: Buenos Aires : El Ateneo, 1981
Materias:
Etiquetas: Agregar Etiqueta
Sin Etiquetas, Sea el primero en etiquetar este registro!
LEADER 00918nam a22002415a 4500
001 CEM.cems016667
005 20091222170027.0
008 130507s1981##################000#0#####d
003 CEMS
082 0 4 |a 631.45 
100 1 |a Faulkner, Edward H 
245 1 0 |a La insensatez del agricultor. erosión; un planteo ecológico /  |c Edward H Faulkner, 
260 |a Buenos Aires :  |b El Ateneo,  |c 1981 
300 |a 138 p. 
653 |a Erosion 
653 |a Suelo 
653 |a Agricultura 
859 |a CEMS  |b BIB. CEMS - Agricultura  |h 631.45  |i F273  |p A18259.95  |t Ej.1 
859 |a CEMS  |b BIB. CEMS - Agricultura  |h 631.45  |i F273  |p A18260.95  |t Ej.2 
859 |a CEMS  |b BIB. CEMS - Agricultura  |h 631.45  |i F273  |p A18261.95  |t Ej.3 
859 |a CEMS  |b BIB. CEMS - Agricultura  |h 631.45  |i F273  |p A18262.95  |t Ej.4 
859 |a CEMS  |b BIB. CEMS - Agricultura  |h 631.45  |i F273  |p A18263.95  |t Ej.5 
859 |a CEMS  |b BIB. CEMS - Agricultura  |h 631.45  |i F273  |p A18264.95  |t Ej.6